| 000 | 00589 a2200169 4500 | ||
|---|---|---|---|
| 001 | 143915 | ||
| 040 | _cLeonardo Da Vinci | ||
| 041 | _aPortuguês | ||
| 082 |
_a658 A69i _bA69i |
||
| 100 | _aARAÚJO, Leandro Crispim | ||
| 245 | _aOs impactos da globalização nas empresas e no meio ambiente | ||
| 260 |
_c2008 _aOsasco |
||
| 362 | _a20080000 | ||
| 500 |
_aTrabalho de conclusão de curso (Administração de Empresas) -
Faculdade Instituto Paulista de Ensino, 2008 _aOrientador: José Roberto Rogero |
||
| 697 |
_aAdministração _aGlobalização _aMeio ambiente _aFIPEN |
||
| 942 | _cBK | ||
| 999 |
_c143915 _d143915 |
||